| 000 | 00444nam a2200169Ia 4500 | ||
|---|---|---|---|
| 005 | 20250701165949.0 | ||
| 008 | 240331s9999 xx 000 0 und d | ||
| 020 | _a9552088690 | ||
| 082 |
_bSAR _a800 |
||
| 100 | _aSarath,L | ||
| 245 | 0 | _aParani ladiva Sinhala Demala sabadatha | |
| 250 | _a3rd | ||
| 260 |
_aColombo _bS. Godage & Brothers _c2006 |
||
| 300 | _a72 p ., | ||
| 500 | _aSinhala - Tamil Relations in Ancient Sri Lanka | ||
| 942 | _cL | ||
| 999 |
_c5165 _d5165 |
||